Abbà Pater (Record n. 99083)

Dettagli MARC
000 -LEADER
fixed length control field 01759njm a2200337Ia 4500
001 - CONTROL NUMBER
control field F7618
003 - CONTROL NUMBER IDENTIFIER
control field IT-RoPAU
005 - DATE AND TIME OF LATEST TRANSACTION
control field 20220918181112.0
008 - FIXED-LENGTH DATA ELEMENTS--GENERAL INFORMATION
fixed length control field 131025s9999 xx 000 0 und d
040 ## - CATALOGING SOURCE
Original cataloging agency IT-RoPAU
040 ## - CATALOGING SOURCE
Transcribing agency IT-RoPAU
999 ## - SYSTEM CONTROL NUMBERS (KOHA)
Koha Dewey Subclass [OBSOLETE] n.d.
100 ## - MAIN ENTRY--PERSONAL NAME
Personal name De Amicis Leonardo
9 (RLIN) 32813
100 ## - MAIN ENTRY--PERSONAL NAME
Relator term Autore musica
9 (RLIN) 32814
100 ## - MAIN ENTRY--PERSONAL NAME
Miscellaneous information Codice autore musica SPICS: 52943
9 (RLIN) 32815
245 ## - TITLE STATEMENT
Title Abbà Pater
250 ## - EDITION STATEMENT
Edition statement 1a ed.
260 ## - PUBLICATION, DISTRIBUTION, ETC. (IMPRINT)
Place of publication, distribution, etc. AUSTRIA
260 ## - PUBLICATION, DISTRIBUTION, ETC. (IMPRINT)
Name of publisher, distributor, etc. SONY CLASSICAL GMBH
Date of publication, distribution, etc. 1999 [1a Ed.:1999 - Ed. Lingua Orig.: 1999]
300 ## - PHYSICAL DESCRIPTION
Extent COMPACT DISC
300 ## - PHYSICAL DESCRIPTION
Dimensions 50 minuti (Testo: 30 pag.)
500 ## - GENERAL NOTE
General note Parlato e musica religiosa. Testi in italiano e tedesco. Cd pubblicato in collaborazione con San Paolo Audiovisivi e Radio Vaticana.
505 ## - FORMATTED CONTENTS NOTE
Formatted contents note Invito di Papa Giovanni Paolo II ad intraprendere un pellegrinaggio interiore verso la casa del Padre ricco di misericordia, una riflessione sul vero senso del Giubileo del 2000 - Cercate il suo volto - Cristo è liberazione - Verbum caro factum est - Abbà Pater - Vieni, Santo Spirito - Padre, ti chiediamo perdono - Dove c'è amore, c'è Dio - Padre della luce - Un comandamento nuovo - Madre di tutte le genti - La legge delle beatitudini.
511 ## - PARTICIPANT OR PERFORMER NOTE
Participant or performer note Orchestra Nuova Sinfonietta di Roma diretta da Riccardo Biseo
511 ## - PARTICIPANT OR PERFORMER NOTE
Participant or performer note Orchestra S. Caterina d'Alessandria dell'Aquila diretta da Leonardo De Amicis
511 ## - PARTICIPANT OR PERFORMER NOTE
Participant or performer note Roman Academy Choir, Pablo Colino Choir, Echo From Bratislava, Catharina Scharp: soprano
650 ## - SUBJECT ADDED ENTRY--TOPICAL TERM
Topical term or geographic name as entry element RELIGIOSO [COMPACT DISC]
Relator term Codice MATERIA SPICS: 9949
9 (RLIN) 14031
700 ## - ADDED ENTRY--PERSONAL NAME
Personal name Mainetti Stefano
Miscellaneous information Codice autore SPICS: 52944
Relator term Autore
9 (RLIN) 32816
700 ## - ADDED ENTRY--PERSONAL NAME
Personal name Giovanni Paolo II
Relator term Interprete
Miscellaneous information Codice interprete SPICS: 52945
9 (RLIN) 32817
942 ## - ADDED ENTRY ELEMENTS (KOHA)
Koha item type CD AUDIO
Source of classification or shelving scheme Dewey Decimal Classification
Dati di copia
Withdrawn status Lost status Damaged status Not for loan Home library Current library Date acquired Total Checkouts Full call number Date last seen Price effective from Koha item type Public note
    Buone Condizioni Not For Loan SPICS-MEDIATECA SPICS-MEDIATECA 25/10/2013   F7618 25/10/2013 25/10/2013 CD AUDIO Progr. Ins.: 22665 / N.Vol.: 1 / Copie: 1 - Copia rara: n.d. / date import: 01.01.2014 - By Epidotti, Trombetti, Vaglietti
CREDITS: SOCIETA' SAN PAOLO Via A.Severo, 58 - ROMA (RM) & PERIODICI SAN PAOLO SRL Via Giotto, 36 MILANO & CISF Via Giotto, 36 MILANO & EDIZIONI SAN PAOLO SRL,  Piazza Soncino, 5 CINISELLO BALSAMO (MI) -- ITALY